| 000 | 00788pam a2200229 a 4500 | ||
|---|---|---|---|
| 999 |
_c2027 _d2027 |
||
| 001 | 4764 | ||
| 003 | BD-DhUAP | ||
| 005 | 20200219105244.0 | ||
| 008 | 940428s1994 dcua b i001 0 eng | ||
| 020 | _a082132862X | ||
| 040 |
_aDLC _cDLC _dBD-DhUAP _bEng |
||
| 082 | 0 | 0 |
_a374.012091724 ABA _223 |
| 100 | 1 | _aAbadzi, Helen. | |
| 245 | 1 | 0 |
_aWhat we know about acquisition of adult literacy : _bis there hope? / _cHelen Abadzi. |
| 260 |
_aWashington, D.C. : _bWorld Bank, _cc1994. |
||
| 300 |
_aix, 93 pages : _billustrations ; _c28 cm. |
||
| 440 | 0 |
_aWorld Bank discussion papers, _x0259-210X ; _v245 |
|
| 504 | _aIncludes bibliographical references and index. | ||
| 650 | 0 |
_aFunctional literacy _zDeveloping countries. |
|
| 650 | 0 |
_aLiteracy programs _zDeveloping countries. |
|
| 942 |
_2ddc _cBK |
||